000 00602nam a2200205Ia 4500
003 GCL
008 140319s9999 xx 000 0 ara d
040 _aGCL /
_cGCL
082 0 4 _a811.00991
_bر ق
100 1 _aمحمد الولى (مترجم)
245 1 0 _aقضايا الشعرية /
_cمحمد الولى (مترجم)
700 1 _aرومان ياكسيون
700 1 _aمبارك حنوز
260 _a[S.N] :
_bدار توبقال للنشر ،
_c1988
300 _a116 ص
490 _a
650 0 4 _aالشعر العربى
650 0 4 _aالادب العربى
942 _2ddc
_cBK
999 _c45744
_d45744